Information Technology Practices in Business (Record no. 11536)

MARC details
000 -LEADER
fixed length control field 00542nam a22001937a 4500
005 - DATE AND TIME OF LATEST TRANSACTION
control field 20230420121150.0
008 - FIXED-LENGTH DATA ELEMENTS--GENERAL INFORMATION
fixed length control field 230420b ||||| |||| 00| 0 eng d
020 ## - INTERNATIONAL STANDARD BOOK NUMBER
International Standard Book Number 9789327255447
040 ## - CATALOGING SOURCE
Original cataloging agency IN-DiNC
Transcribing agency IN-DiNC
041 ## - LANGUAGE CODE
Language code of sung or spoken text English
082 ## - DEWEY DECIMAL CLASSIFICATION NUMBER
Classification number 004
Item number MAL
100 ## - MAIN ENTRY--PERSONAL NAME
Personal name Malhotra T.D.
Relator term Author
245 ## - TITLE STATEMENT
Title Information Technology Practices in Business
Statement of responsibility, etc. By T.D. Malhotra and Sunil Malhotra
250 ## - EDITION STATEMENT
Edition statement 2nd rep.
260 ## - PUBLICATION, DISTRIBUTION, ETC.
Place of publication, distribution, etc. Noida:
Name of publisher, distributor, etc. Kalyani Publishers,
Date of publication, distribution, etc. 2016.
300 ## - PHYSICAL DESCRIPTION
Extent 146p.
700 ## - ADDED ENTRY--PERSONAL NAME
Personal name Sunil Maljotra
Relator term Author
942 ## - ADDED ENTRY ELEMENTS (KOHA)
Source of classification or shelving scheme Dewey Decimal Classification
Koha item type Books
Holdings
Withdrawn status Lost status Source of classification or shelving scheme Damaged status Not for loan Collection code Home library Current library Shelving location Date acquired Cost, normal purchase price Total Checkouts Full call number Barcode Date last seen Date last checked out Copy number Price effective from Koha item type
    Dewey Decimal Classification     Commerce Central Library, Naharkatiya College Central Library, Naharkatiya College General Stacks 20/04/2023 125.00 2 004 MAL 24274 08/06/2023 16/05/2023 1 20/04/2023 Books

Naharkatiya College © 2020. All rights reserved.

Powered By